MARC

LEADER 00000nam0a2200000 4500
001 23274
005 20231030195209.0
010 |a 9856487064 
035 |a (RuTPU)RU\TPU\book\23492 
035 |a BOOK00023565 
090 |a 23274 
100 |a 20011209d1999 km y0rusy50 ca 
101 0 |a rus 
102 |a BY 
105 |a y z 000zy 
200 1 |a Экспериментальная электроника  |h Вып. 1  |f И. Н. Балахничев, А. А. Ровдо, А. В. Дрик 
210 |a Минск  |c Наш город  |d 1999 
215 |a 127 с. 
610 1 |a электроника экспериментальная 
610 1 |a устройства электронные 
610 1 |a схемы 
610 1 |a телефония 
610 1 |a питание 
610 1 |a конструирование 
610 1 |a микросхемы интегральные 
610 1 |a описания 
610 1 |a электропитание 
610 1 |a источники 
675 |a 621.38  |v 3 
675 |a 621.396.6:621.311.6  |v 3 
675 |a 621.395  |v 3 
700 1 |a Балахничев  |b И. Н.  |g Игорь Николаевич 
701 1 |a Ровдо  |b А. А.  |g Алексей Александрович 
701 1 |a Дрик  |b А. В.  |g Анатолий Владимирович 
801 0 |a BY  |b 63413507  |c 20011209  |g PSBO 
801 2 |a RU  |b 63413507  |c 20160415  |g PSBO 
942 |c BK